header

Dairy goats feeding and nutrition (Record no. 118979)

MARC details
000 -LEADER
fixed length control field 01436nam a2200337Ia 4500
082 04 - DEWEY DECIMAL CLASSIFICATION NUMBER
Classification number 636.3/9142
245 00 - TITLE STATEMENT
Title Dairy goats feeding and nutrition
260 ## - PUBLICATION, DISTRIBUTION, ETC. (IMPRINT)
Place of publication Cambridge, MA :
Name of publisher CABI,
Year of publication 2008.
300 ## - PHYSICAL DESCRIPTION
Number of Pages xiv, 293 p.
500 ## - GENERAL NOTE
General note "Original edition published in Italian under the title: L'alimentazione delle capre da latte, Avenue Media 2005, Bologna, Italy."
650 #0 - SUBJECT ADDED ENTRY--TOPICAL TERM
Topical Term Goats
Topical Term Goats
700 1# - ADDED ENTRY--PERSONAL NAME
Personal name Cannas, Antonello.
Personal name Pulina, Giuseppe.
Personal name Francesconi, Ana Helena Dias.
856 40 - ELECTRONIC LOCATION AND ACCESS
Uniform Resource Identifier http://site.ebrary.com/lib/rucke/Doc?id=10202430

No items available.

© 2026 Rongo University
Contact us: librarian | system librarian | Rongo university